Konkurencieschopnosť slovenského priemyslu v rámci spoločného európskeho trhu diplomová práca
Guardado en:
| Autor principal: | |
|---|---|
| Autor Corporativo: | |
| Otros Autores: | |
| Formato: | Libro |
| Lenguaje: | eslovaco |
| Publicado: |
Košice
2008
|
| Etiquetas: |
Sin Etiquetas, Sea el primero en etiquetar este registro!
|
MARC
| LEADER | 00000nam$a2200000$$$4500 | ||
|---|---|---|---|
| 001 | 0079973 | ||
| 005 | 20240201115430.3 | ||
| 041 | 0 | |a slo | |
| 044 | |a SK | ||
| 245 | 1 | 0 | |a Konkurencieschopnosť slovenského priemyslu v rámci spoločného európskeho trhu |b diplomová práca |c Roland Balog ; škol. Martin Vološin |
| 264 | 1 | |a Košice |c 2008 | |
| 300 | |a 80 s. | ||
| 100 | 1 | |a Balog, Roland | |
| 700 | 1 | |a Vološin, Martin | |
| 710 | 2 | |a Podnikovohospodárska fakulta EU so sídlom v Košiciach. Katedra manažmentu | |